Statistics for Premier League Goalscorers

Click here to take the quiz!

General Stats

  • This quiz has been taken 409 times
  • The average score is 8 of 10

Answer Stats

No.GoalsPremier League Club(s)NationAnswer% Correct
3175ArsenalFranceThierry Henry
99%
1260Blackburn Rovers,Newcastle UnitedEnglandAlan Shearer
97%
6151Everton,Manchester UnitedEnglandWayne Rooney
93%
7149Liverpool,Newcastle United,Manchester United,Stoke CityEnglandMichael Owen
82%
5154West Ham United,ChelseaEnglandFrank Lampard
81%
2187Newcastle United,Manchester United,Blackburn Rovers,Fulham,Manchester City,SunderlandEnglandAndrew Cole
77%
4162Liverpool,Leeds United,Manchester City,Blackburn RoversEnglandRobbie Fowler
66%
9147Nottingham Forest,Tottenham Hotspur,Manchester United,Portsmouth,West Ham UnitedEnglandTeddy Sheringham
60%
10127Leeds United,Chelsea,Middlesborough,Charlton AthleticNetherlandsJimmy Floyd Hasselbaink
52%
7149Queens Park Rangers,Newcastle United,Tottenham Hotspur,West Ham United,Leicester City,Bolton WanderersEnglandLes Ferdinand
50%

Score Distribution

Percentile by Number Answered

Percent of People with Each Score

Your Score History

You have not taken this quiz